000 00823nam a22002417a 4500
999 _c14176
_d14176
003 MIRAKIL
005 20201111162302.0
008 201111b tu ||||| |||| 00| 0 tur d
040 _aTR-AnCHP
_cTR-AnCHP
041 _atur
082 _aATA 923.156
_bK25e 1986
100 1 _aKansu, Mazhar Müfit
245 _aErzurum'dan ölümüne kadar Atatürk'le beraber /
_cMazhar Müfid Kansu.
250 _a2 bs.
260 _aAnkara:
_bTürk Tarih Kurumu,
_c1986.
300 _a2 c.:
_bfotg.;
_c24 sm.
490 _aAtatürk Kültür, Dil ve Tarih Yüksek Kurumu;
_aTürk Tarih Kurumu Yayınları;
_vXVI. Dizi-Sa.6
504 _aDizin vardır.
600 1 4 _91465
_aAtatürk, Gazi Mustafa Kemal
_d1881-1938
_xYaşamöyküsü
600 1 4 _91702
_aKansu, Mazhar Müfit
_d1872-1948
_xAnılar
942 _2ddc
_cBKS
999 _d14176